| 000 | 00611nam a2200217 a 4500 | ||
|---|---|---|---|
| 999 |
_c5062 _d5062 |
||
| 001 | 5062 | ||
| 003 | BD-JhCC | ||
| 005 | 20200407134007.0 | ||
| 008 | 171207s1993 bg ||||| |||| 00| 0 ben d | ||
| 035 | _a(BD-JhCC)5062 | ||
| 040 |
_aBD-JhCC _dBD-JhCC |
||
| 041 | _aben | ||
| 082 |
_a398.20944 _bBAS 1993 |
||
| 100 | _aবসু, বুদ্ধদেব | ||
| 245 |
_aঅপরূপ রূপকথা / _c বুদ্ধদেব বসু |
||
| 260 |
_aঢাকা : _bঅবসর, _c1993. |
||
| 300 |
_a114 p. : _c21 cm. |
||
| 650 | _aCollection of Fairy tales | ||
| 942 |
_2ddc _cBK _02 |
||